Päin ukkosta (Запись № 2605412)

Подробности
000 -МАРКЕР
контрольное поле 00867nam0a22002771 4500
001 - ИДЕНТИФИКАТОР ЗАПИСИ
контрольное поле RU\NLR\INFOCOMM\LIB\30333
005 - ИДЕНТИФИКАТОР ВЕРСИИ
контрольное поле 20250617205551.0
035 ## - ДРУГИЕ СИСТЕМНЫЕ НОМЕРА
Идентификатор записи (NLR Aleph) 004301037
100 ## - ДАННЫЕ ОБЩЕЙ ОБРАБОТКИ
Данные общей обработки 20011002d1964 |||y0rusy50 ca
101 1# - ЯЗЫК РЕСУРСА
Язык текста, звукозаписи и т.д. финский
Язык оригинала русский
102 ## - СТРАНА ПУБЛИКАЦИИ ИЛИ ПРОИЗВОДСТВА
Страна публикации российская федерация
105 ## - ПОЛЕ КОДИРОВАННЫХ ДАННЫХ: ТЕКСТОВЫЕ МАТЕРИАЛЫ, МОНОГРАФИЧЕСКИЕ
Кодированные данные о монографическом текстовом документе a ||||000ay
200 1# - ЗАГЛАВИЕ И СВЕДЕНИЯ ОБ ОТВЕТСТВЕННОСТИ
Основное заглавие Päin ukkosta
Сведения, относящиеся к заглавию romaani
Первые сведения об ответственности Daniil Granin
Последующие сведения об ответственности suom. Roy širokov
210 ## - ПУБЛИКАЦИЯ, РАСПРОСТРАНЕНИЕ И ДР.
Место издания, распространения и т.д. М.
-- Petroskoi
Имя издателя, распространителя и т. д. Edistys
Дата издания, распространения и т.д. 1964
215 ## - ФИЗИЧЕСКАЯ ХАРАКТЕРИСТИКА
Другие сведения о физической характеристике портр.
Размеры 20см
225 2# - СЕРИЯ
Основное заглавие серии Neuvostoromaaneja
300 ## - ОБЩИЕ ПРИМЕЧАНИЯ
Текст примечания На обороте тит. л.: Даниил Гранин. Иду на грозу.
700 #1 - ИМЯ ЛИЦА - ПЕРВИЧНАЯ ОТВЕТСТВЕННОСТЬ
Начальный элемент ввода Granin
Часть имени, кроме начального элемента ввода D.A.
Даты 1919
Расширение инициалов личного имени Daniil Aleksandrovič
Код отношения Автор
702 #1 - ИМЯ ЛИЦА - ВТОРИЧНАЯ ОТВЕТСТВЕННОСТЬ
Начальный элемент ввода širokov
Часть имени, кроме начального элемента ввода R.
Расширение инициалов личного имени Roy
Код отношения Переводчик
801 #1 - ИСТОЧНИК ЗАПИСИ
Страна российская федерация
Организация InfoComm
Дата составления 20011002
801 #0 - ИСТОЧНИК ЗАПИСИ
Страна российская федерация
Организация NLR
Правила каталогизации PSBO
Дата составления 19641124
852 ## - МЕСТОНАХОЖДЕНИЕ И ШИФР ХРАНЕНИЯ
Идентификатор организации NLR
Наименование фонда или коллекции (Sub-Location Identifier) H
Шифр хранения (Call Number) Фин/2-7885
942 ## - ДОПОЛНИТЕЛЬНЫЕ ЭЛЕМЕНТЫ ЗАПИСИ (АБИС)
Тип экземпляра АБИС Книга
980 ## - КОЛЛЕКЦИЯ
Название коллекции Национальная библиография
Экземпляры
Тип экземпляра Дата поступления Библиотека постоянного хранения Библиотека текущего хранения Место хранения Шифр хранения Штрих-код Статус не для выдачи
Книга 26.10.2013 РНБ (Московский) РНБ (Московский) Иностранный книжный фонд H Фин/2-7885 4301037-10